Komparácia daňového systému Slovenskej a Českej republiky so zameraním na analýzu daňového zaťaženia fyzickej osoby-živnostníka diplomová práca

Gespeichert in:
Bibliographische Detailangaben
1. Verfasser: Kubičárová, Mária
Körperschaft: Fakulta podnikového manažmentu EU. Katedra podnikových financií
Weitere Verfasser: Ďurinová, Ivona, 1964-
Format: Buch
Sprache:Slowakisch
Veröffentlicht: Bratislava 2008
Tags: Tag hinzufügen
Keine Tags, Fügen Sie das erste Tag hinzu!

MARC

LEADER 00000nam$a2200000$$$4500
001 0088864
005 20240201115404.2
041 0 |a slo 
044 |a SK 
245 1 0 |a Komparácia daňového systému Slovenskej a Českej republiky so zameraním na analýzu daňového zaťaženia fyzickej osoby-živnostníka  |b diplomová práca  |c Mária Kubičárová ; škol. Ivona Ďurinová 
264 1 |a Bratislava  |c 2008 
300 |a 75 s. 
100 1 |a Kubičárová, Mária 
700 1 |a Ďurinová, Ivona, 1964- 
710 2 |a Fakulta podnikového manažmentu EU. Katedra podnikových financií